000 00307nam a22001337a 4500
999 _c15394
_d15394
020 _a9789384502249
082 _a630
_bDAV/AG
100 _aDavidson, J. Brownlee
_93073
245 _aAgricultural engineering
250 _a1
260 _aNew Delhi
_bAgri-Biovet Press
_c2017
300 _a500
942 _cBBS